000 00702cam a22002291 4500
001 he 68002875
003 DLC
005 20260227111503.0
008 860912s1968 is b 000 0 hebo
010 _ahe 68002875
035 _a(OCoLC)14211785
040 _aDLC
_cCU
_dDLC
042 _apremarc
050 0 0 _aHD111
_b.H35
100 1 _aHalperin, Ḥayyim,
_d1895-
245 1 0 _aḲarḳaʻ ;
_bbeḥinah ḥevratit, medinit, kalkalit
_c[me-et] Ḥayyim Halperin.
260 _a[Tel-Aviv]
_bha-Ḳibuts ha-Meʼuḥad,
_c728 [1968]
300 _a308 p.
_c23 cm.
500 _aAdded t.p.: Land; social, political and economic aspects.
504 _aBibliography: p. 289-291.
650 0 _aLand use.
999 _c33721
_d33721